00330nam a2200133Ia 4500008004100000041000800041082001500049100001600064245002400080250001400104260003600118300003300154365000900187240624s9999 xx 000 0 und d aeng a658.81 HOP aHOPKINS TOM aSELLING FOR DUMMIES a(3rd ed.) c2011aCanadabJohn Wiley & Sons axviii, : 362 : p. : cm. ; 23 cb27